An introduction to the analysis of educational concepts (Record no. 65997)
[ view plain ]
| 000 -LEADER | |
|---|---|
| fixed length control field | 00502nam a2200205Ia 4500 |
| 003 - CONTROL NUMBER IDENTIFIER | |
| control field | 0100 |
| 008 - FIXED-LENGTH DATA ELEMENTS--GENERAL INFORMATION | |
| fixed length control field | 130303s9999 xx 000 0 und d |
| 040 ## - CATALOGING SOURCE | |
| Transcribing agency | ARRUPELIB |
| 050 ## - LIBRARY OF CONGRESS CALL NUMBER | |
| Classification number | LB1025.S668 1978 |
| 300 ## - PHYSICAL DESCRIPTION | |
| Other physical details | 22cm |
| 100 ## - MAIN ENTRY--PERSONAL NAME | |
| Personal name | Soltis, Jonas F. |
| 245 #3 - TITLE STATEMENT | |
| Title | An introduction to the analysis of educational concepts |
| 250 ## - EDITION STATEMENT | |
| Edition statement | 2nd edition |
| 260 ## - PUBLICATION, DISTRIBUTION, ETC. (IMPRINT) | |
| Place of publication, distribution, etc | Massachusetts |
| 260 ## - PUBLICATION, DISTRIBUTION, ETC. (IMPRINT) | |
| Name of publisher, distributor, etc | Addison-Wesley |
| 260 ## - PUBLICATION, DISTRIBUTION, ETC. (IMPRINT) | |
| -- | 1978 |
| 300 ## - PHYSICAL DESCRIPTION | |
| Extent | 128p. |
| 650 ## - SUBJECT ADDED ENTRY--TOPICAL TERM | |
| Topical term following geographic name as entry element | Islam--Addresses |
| 942 ## - ADDED ENTRY ELEMENTS (KOHA) | |
| Source of classification or shelving scheme | Library of Congress Classification |
| Koha issues (borrowed), all copies | 2 |
| Withdrawn status | Lost status | Source of classification or shelving scheme | Damaged status | Not for loan | Collection code | Home library | Current library | Shelving location | Date acquired | Total Checkouts | Full call number | Barcode | Date last seen | Date checked out | Copy number | Price effective from | Koha item type |
|---|---|---|---|---|---|---|---|---|---|---|---|---|---|---|---|---|---|
| Library of Congress Classification | Main Collection | ARRUPE LIBRARY | ARRUPE LIBRARY | 05/03/2013 | 8 | LB1025.S668 1978 | 46004002811 | 28/06/2018 | 09/11/2017 | 1 | 05/03/2013 | Monograph ( Printed materials) |